<?xml version="1.0" encoding="UTF-8"?>
<collection xmlns="http://www.loc.gov/MARC21/slim">
 <record>
  <leader>00505pamaa2200181   4500</leader>
  <controlfield tag="001">0000030201</controlfield>
  <controlfield tag="005">20060622090000.0</controlfield>
  <datafield tag="020" ind1="0" ind2="0">
   <subfield code="a">0724809384 </subfield>
  </datafield>
  <datafield tag="082" ind1=" " ind2=" ">
   <subfield code="a">657.42 HAR</subfield>
  </datafield>
  <datafield tag="090" ind1="0" ind2="0">
   <subfield code="a">HG179 </subfield>
   <subfield code="b">HAR 1996</subfield>
  </datafield>
  <datafield tag="100" ind1="1" ind2="0">
   <subfield code="a">HART </subfield>
  </datafield>
  <datafield tag="245" ind1="1" ind2="0">
   <subfield code="a">Budgeting principles  </subfield>
   <subfield code="c">Jill Hart, Clive Wilson and Bruce Keers.</subfield>
  </datafield>
  <datafield tag="260" ind1="0" ind2="0">
   <subfield code="a">Sydney: </subfield>
   <subfield code="b">Prentice Hall, </subfield>
   <subfield code="c">1996.</subfield>
  </datafield>
  <datafield tag="300" ind1=" " ind2=" ">
   <subfield code="a">ix, 198p.; </subfield>
   <subfield code="c">24cm.</subfield>
  </datafield>
  <datafield tag="650" ind1="0" ind2="0">
   <subfield code="a">Budget in business </subfield>
  </datafield>
  <datafield tag="650" ind1="0" ind2="0">
   <subfield code="a">Business enterprises -- </subfield>
   <subfield code="x">Finance </subfield>
  </datafield>
  <datafield tag="700" ind1="1" ind2="1">
   <subfield code="a">Keers, </subfield>
   <subfield code="h">Bruce </subfield>
  </datafield>
  <datafield tag="700" ind1="1" ind2="1">
   <subfield code="a">Wilson, </subfield>
   <subfield code="h">Clive </subfield>
  </datafield>
 </record>
</collection>
